Statistics for Guess the singers

Click here to take the quiz!

General Stats

  • This quiz has been taken 111 times
  • The average score is 12 of 15

Answer Stats

Answer% Correct
Ed Sheeran
97%
Taylor Swift
96%
Ariana Grande
95%
Bruno Mars
95%
Harry Styles
91%
Justin Bieber
90%
Selena Gomez
88%
Shawn Mendes
87%
Katy Perry
83%
Post Malone
76%
Camila Caabello
75%
Adam Levine
53%
Ellie Goulding
51%
Lewis Capaldi
43%
Weeknd
39%

Score Distribution

Percentile by Number Answered

Percent of People with Each Score

Your Score History

You have not taken this quiz